000 01053nam a2200325Ia 4500
001 dia_3134
003 CHAP
005 20251027153513.0
008 220117s1986 xx 000 0 und d
010 _a173632
020 _a958-04-7040-5
040 _cCHAP
082 _a658.562 I84 1986
100 _aIshikawa, Kaoru
_960555
245 _a¿Qué es el control total de calidad? : la modalidad japonesa /
_c Kaoru Ishikawa ; traducción David J. Lu y Margarita Cárdenas
260 _aColombia :
_b Norma,
_c1986
300 _axxi, 261 p.
440 _aGerencia
_9154133
500 _aTítulo original: What is total quality control? The japanese way
503 _aC/e
590 _aTS156 I88 1986
650 _aControl de calidad
_xJapón
_9154134
650 _aQuality control
_xJapan
_9154135
700 _aCárdenas, Margarita, tr.
_9154136
700 _aLu, David J., tr.
_9154137
901 _a658.562 I84 1986
902 _aM
905 _a5232271986 CK nm 8222223322SPA16
942 _cLIBRO
_2ddc
999 _c173632
_d173632